Introduction to switching circuit theory (Record no. 194952)
[ view plain ]
| 000 -LEADER | |
|---|---|
| fixed length control field | 00954 a2200169 4500 |
| 003 - CONTROL NUMBER IDENTIFIER | |
| control field | Nust |
| 005 - DATE AND TIME OF LATEST TRANSACTION | |
| control field | 20170207154212.0 |
| 040 ## - CATALOGING SOURCE | |
| Transcribing agency | Nust |
| 082 ## - DEWEY DECIMAL CLASSIFICATION NUMBER | |
| Classification number | 621.381537 |
| 100 ## - MAIN ENTRY--PERSONAL NAME | |
| Personal name | Givone, Donald D. |
| 245 ## - TITLE STATEMENT | |
| Title | Introduction to switching circuit theory |
| Statement of responsibility, etc. | Donald D. Givone |
| 260 ## - PUBLICATION, DISTRIBUTION, ETC. | |
| Place of publication, distribution, etc. | New York |
| Name of publisher, distributor, etc. | McGraw Hill |
| Date of publication, distribution, etc. | 1970 |
| 300 ## - PHYSICAL DESCRIPTION | |
| Extent | 494 p. |
| 505 ## - FORMATTED CONTENTS NOTE | |
| Formatted contents note | Introduction (Page-1) Boolean Algebra A Mathematical System (Page-7) Combinational Switching Circuits (Page63 Minimization of Switching Functions (Page-99) Multiple Output Switching Circuits (Page-174) Nand and Nor Switching Circuits (Page-198) Iterative Networks (Page-221) Characterization of Sequential Switching Circuits (Page-271) Analysis of Sequential Switching Circuits (Page-291) Synthesis of Sequential Switching Circuits (Page-327) Flow Table Reduction (Page-402) Transients and Hazards in Switching Circuits (Page-442) |
| 538 ## - SYSTEM DETAILS NOTE | |
| System details note | Almirah No.130 Shelf No.3 |
| 650 ## - SUBJECT ADDED ENTRY--TOPICAL TERM | |
| Topical term or geographic name entry element | Switching circuit theory |
| 942 ## - ADDED ENTRY ELEMENTS (KOHA) | |
| Source of classification or shelving scheme | |
| Koha item type | Book |
| Withdrawn status | Lost status | Source of classification or shelving scheme | Damaged status | Not for loan | Collection code | Permanent Location | Current Location | Date acquired | Total Checkouts | Full call number | Barcode | Date last seen | Price effective from | Koha item type |
|---|---|---|---|---|---|---|---|---|---|---|---|---|---|---|
| Military College of Signals (MCS) | Military College of Signals (MCS) | 12/12/2016 | 621.381537 GIV | MCS24840 | 12/08/2016 | 12/12/2016 | Book | |||||||
| Military College of Signals (MCS) | Military College of Signals (MCS) | 12/12/2016 | 621.381537 GIV | MCS24843 | 12/08/2016 | 12/12/2016 | Book |
